000 00766nam a2200253Ia 4500
003 OSt
005 20221005032835.0
006 a|||||r|||| 00| 0
007 ta
008 221004b |||||||| |||| 00| 0 eng d
024 _a64494
037 _cTextual
040 _aCRL
_cCRL
_beng
041 _2eng
_aeng
082 _aV271wN5, N6
100 _aSamal Joy Krushna
_9585573
245 0 _aMakers of modern Orissa
_b Contributions of some leading personalities of Orissa in the 2nd half of the19th century
260 _aDelhi
_bAbhinav
_c1996
300 _a228p
_ccm.
650 _aHISTORY
700 _a Nayak Pradip Kumar
_9585574
942 _hV271wN5, N6
_cTEXL
_2cc
999 _c940365
_d940365